Normal view MARC view
  • Akramkhodzhaev, A. M

Entry Personal Name

Number of records used in: 1

001 - CONTROL NUMBER

  • control field: 42097

003 - CONTROL NUMBER IDENTIFIER

  • control field: NUST

005 - DATE AND TIME OF LATEST TRANSACTION

  • control field: 20210314132217.0

008 - FIXED-LENGTH DATA ELEMENTS

  • fixed length control field: 210314|| aca||aabn | a|a d

040 ## - CATALOGING SOURCE

  • Original cataloging agency: NUST
  • Transcribing agency: NUST

100 ## - HEADING--PERSONAL NAME

  • Personal name: Akramkhodzhaev, A. M

670 ## - SOURCE DATA FOUND

  • Source citation: Work cat.: (NUST): Akramkhodzhaev, A. M., Geology and exploration of oil- and gas-bearing ancient deltas /, 1989.
© 2023 Central Library, National University of Sciences and Technology. All Rights Reserved.